Investigación de mercados: un enfoque aplicado

Збережено в:
Бібліографічні деталі
Автор: Malhotra, Naresh K. (autor)
Формат: Книга
Мова:Іспанська
Опубліковано: Ciudad de México Pearson Educación 2004
Редагування:4a. ed
Предмети:
Теги: Додати тег
Немає тегів, Будьте першим, хто поставить тег для цього запису!

MARC

LEADER 00000nam a2200000 a 4500
001 UCK9908
003 CL-VaPUC
008 060609e20040000MX |||||||||||||||||spa|d
020 |a 9702604915 
082 0 4 |a 658.8  |b MAL  |2 21 
100 |a Malhotra, Naresh K.  |e autor  |9 531822 
245 1 0 |a Investigación de mercados: un enfoque aplicado 
250 |a 4a. ed 
300 |a 121 p 
942 |c BK 
945 |d 20060609 00:00:00  |a jtorresc 
260 |a Ciudad de México  |b Pearson Educación  |c 2004 
650 0 |a Análisis de mercado   |9 260838 
650 0 |a Comercialización   |9 259326 
650 0 |a Muestreo  |9 270457 
650 0 |a Estadística   |9 259535 
583 |a last modification  |c 20060609 00:00:00  |k Rodrigo Vera 
999 |c 316908  |d 316906 
952 |0 0  |1 0  |4 0  |6 658_800000000000000_MAL_2004  |7 0  |8 R  |9 392485  |a BIBGIM  |b BIBGIM  |d 2019-11-22  |i 4239245  |o 658.8 MAL 2004  |p 4239245  |r 2025-01-15  |w 2019-11-22  |y BK_R  |k EST 
952 |0 0  |1 0  |4 0  |6 658_800000000000000_MAL_2004  |7 0  |8 R  |9 392486  |a BIBGIM  |b BIBGIM  |d 2019-11-22  |i 4239253  |o 658.8 MAL 2004  |p 4239253  |r 2025-01-15  |w 2019-11-22  |y BK_R  |k EST 
952 |0 0  |1 0  |4 0  |6 658_800000000000000_MAL_2004  |7 0  |8 R  |9 392487  |a BIBGIM  |b BIBGIM  |d 2019-11-22  |i 4282566  |o 658.8 MAL 2004  |p 4282566  |r 2025-01-15  |w 2019-11-22  |y BK_R  |k EST 
952 |0 0  |1 0  |4 0  |6 658_800000000000000_MAL_2004  |7 0  |8 R  |9 392488  |a BIBGIM  |b BIBGIM  |d 2019-11-22  |i 4282574  |l 1  |o 658.8 MAL 2004  |p 4282574  |r 2025-01-15  |s 2023-05-24  |w 2019-11-22  |y BK_R  |k EST 
952 |0 0  |1 0  |4 0  |6 658_800000000000000_MAL_2004  |7 0  |8 R  |9 392489  |a BIBENE  |b BIBENE  |d 2019-11-22  |i 4336054  |o 658.8 MAL 2004  |p 4336054  |r 2025-01-15  |w 2019-11-22  |y BK_R  |k ICO